000 00361cam a2200169 4500
001 D12506
008 090401t1942 xxu||||| |||| 00| 0 eng d
035 _a(Sirsi) u3873
041 _aeng
100 _aCreswell, H. B.
245 _aGrig
260 _bFaber and Faber Ltd
_c1942
350 _a0
520 _aShelf 114
942 _n0
948 _c04/03/1997
999 _c85954
_d85954